Alfredo Tracklist (Freddie Gibbs, The Alchemist) - Statistics

General Stats
  • This quiz has been taken 36 times
  • The average score is 8 of 10
Answer Stats
Hint Answer % Correct
1 1985
92%
6 Something To Rap About (feat. Tyler, The Creator)
92%
3 Scottie Beam
88%
2 God Is Perfect
85%
10 All Glass
81%
5 Frank Lucas(feat. Benny The Butcher)
81%
8 Babies & Fools(feat. Conway the Machine)
77%
9 Skinny Suge
77%
7 Baby $hit
73%
4 Look At Me
69%
No matching quizzes found
Score Distribution
Percent of People with Each Score
Percentile by Number Answered
Your Score History
You have not taken this quiz